[Event "DVM U16 2019"]
[Site "Magedburg"]
[Date "2019.12.27"]
[Round "2"]
[White "Woelk, Tom-Frederic"]
[Black "Burian, Simon"]
[Result "1-0"]
[WhiteElo "2245"]
[BlackElo "2149"]
[Annotator "NA"]
[PlyCount "51"]
[EventDate "2019.12.27"]
[EventType "team-tourn"]
[EventRounds "7"]
[EventCountry "GER"]
[SourceTitle "playchess.com"]
[Source "ChessBase"]
[SourceQuality "1"]
[WhiteTeam "Hamburger SK"]
[BlackTeam "SK König Plauen"]
[BlackTeamCountry "GER"]
[TimeControl "40/5400+30:1800+30"]

1. d4 {[%emt 0:00:00]} Nf6 {[%emt 0:00:00]} 2. c4 {[%emt 0:00:00]} e6 {[%emt 0:00:00]} 3. Nc3 {[%emt 0:00:00]} d5 {[%emt 0:00:03]} 4. cxd5 {[%emt 0:00:00]} exd5 {[%emt 0:00:06]} 5. Bg5 {[%emt 0:00:01]} Be7 {[%emt 0:00:52]} 6. e3 {[%emt 0:00:06]} O-O {[%emt 0:00:47]} 7. Bd3 {[%emt 0:00:31]} h6 {[%emt 0:00:59]} 8. Bh4 {[%emt 0:01:28]} c6 {[%emt 0:01:46]} 9. Nge2 {[%emt 0:00:07]} Nbd7 {[%emt 0:04:18]} 10. O-O {[%emt 0:04:38]} Re8 {[%emt 0:02:50]} 11. f3 {[%emt 0:03:09]} a6 {[%emt 0:05:39]} 12. Qd2 {[%emt 0:01:21]} Nf8 {[%emt 0:03:40]} 13. Rad1 {[%emt 0:03:05]} b5 {[%emt 0:11:54]} 14. Bf2 {[%emt 0:15:10]} N6h7 {[%emt 0:07:58]} 15. e4 {[%emt 0:01:28]} Be6 {[%emt 0:04:54]} 16. e5 {[%emt 0:01:39]} Rc8 {[%emt 0:11:15]} 17. f4 {[%emt 0:00:26]} f5 {[%emt 0:08:24]} 18. Qc2 {[%emt 0:03:38]} Qd7 {[%emt 0:00:44]} 19. g4 {[%emt 0:00:17]} Kh8 {[%emt 0:07:15]} 20. gxf5 {[%emt 0:01:49]} Bg8 {[%emt 0:00:07]} 21. Ng3 {[%emt 0:00:32]} c5 {[%emt 0:01:16]} 22. dxc5 {[%emt 0:00:18]} Bxc5 {[%emt 0:00:40]} 23. Bxc5 {[%emt 0:00:25]} Rxc5 {[%emt 0:00:13]} 24. Qf2 {[%emt 0:00:24]} Qc6 {[%emt 0:02:28]} 25. Nce2 {[%emt 0:00:26]} Rc8 {[%emt 0:01:31]} 26. b4 {[%emt 0:00:25] normal} 1-0

[Event "DVM U16 2019"]
[Site "Magedburg"]
[Date "2019.12.27"]
[Round "2"]
[White "Biermann, Lenhard"]
[Black "Glinzner, Alva"]
[Result "1/2-1/2"]
[WhiteElo "2098"]
[BlackElo "1812"]
[Annotator "NA"]
[PlyCount "70"]
[EventDate "2019.12.27"]
[EventType "team-tourn"]
[EventRounds "7"]
[EventCountry "GER"]
[SourceTitle "playchess.com"]
[Source "ChessBase"]
[SourceQuality "1"]
[WhiteTeam "SG Bochum"]
[BlackTeam "Lübecker SV"]
[BlackTeamCountry "GER"]
[TimeControl "40/5400+30:1800+30"]

1. d4 {[%emt 0:00:00]} Nf6 {[%emt 0:00:00]} 2. Nf3 {[%emt 0:00:00]} e6 {[%emt 0:00:00]} 3. c4 {[%emt 0:00:00]} d5 {[%emt 0:00:00]} 4. g3 {[%emt 0:00:00]} Be7 {[%emt 0:00:20]} 5. Bg2 {[%emt 0:00:00]} c6 {[%emt 0:00:55]} 6. O-O {[%emt 0:00:11]} O-O {[%emt 0:00:14]} 7. Nbd2 {[%emt 0:00:11]} Nbd7 {[%emt 0:00:28]} 8. Qc2 {[%emt 0:00:16]} Bd6 {[%emt 0:03:00]} 9. e4 {[%emt 0:04:49]} dxe4 {[%emt 0:00:26]} 10. Nxe4 {[%emt 0:00:04]} Nxe4 {[%emt 0:00:59]} 11. Qxe4 {[%emt 0:00:03]} Nf6 {[%emt 0:00:25]} 12. Qe2 {[%emt 0:00:17]} Qc7 {[%emt 0:01:49]} 13. c5 {[%emt 0:03:00]} Be7 {[%emt 0:00:22]} 14. Bf4 {[%emt 0:10:30]} Qd8 {[%emt 0:00:36]} 15. Rfd1 {[%emt 0:10:33]} Nd5 {[%emt 0:00:42]} 16. Qd2 {[%emt 0:06:34]} f6 {[%emt 0:10:38]} 17. b4 {[%emt 0:19:51]} Bd7 {[%emt 0:03:39]} 18. Rab1 {[%emt 0:03:30]} Qe8 {[%emt 0:11:34]} 19. Qe1 {[%emt 0:05:43]} g5 {[%emt 0:12:38]} 20. Bd2 {[%emt 0:02:09]} Qg6 {[%emt 0:01:41]} 21. Qe2 {[%emt 0:05:05]} Nc7 {[%emt 0:03:53]} 22. Bc3 {[%emt 0:05:12]} Rad8 {[%emt 0:04:24]} 23. a4 {[%emt 0:02:31]} Nd5 {[%emt 0:06:56]} 24. Be1 {[%emt 0:00:11]} a6 {[%emt 0:01:12]} 25. Rb3 {[%emt 0:09:15]} Qe8 {[%emt 0:05:25]} 26. Nd2 {[%emt 0:01:11]} Rf7 {[%emt 0:01:18]} 27. Nc4 {[%emt 0:01:13]} Bf8 {[%emt 0:01:39]} 28. Bd2 {[%emt 0:01:30]} Rg7 {[%emt 0:02:09]} 29. Bf3 {[%emt 0:01:30]} Rb8 {[%emt 0:05:44]} 30. Re1 {[%emt 0:02:57]} Qc8 {[%emt 0:07:20]} 31. Bg4 {[%emt 0:06:24]} Re7 {[%emt 0:00:48]} 32. Bf3 {[%emt 0:00:15]} Qc7 {[%emt 0:03:04]} 33. Kg2 {[%emt 0:00:40]} Rbe8 {[%emt 0:02:22]} 34. Nd6 {[%emt 0:00:18]} Rd8 {[%emt 0:00:40]} 35. Nc4 {[%emt 0:00:10]} Rde8 {[%emt 0:01:04] normal} 1/2-1/2

[Event "DVM U16 2019"]
[Site "Magedburg"]
[Date "2019.12.27"]
[Round "2"]
[White "Wang, Xinyuan"]
[Black "Henning, Marvin"]
[Result "0-1"]
[WhiteElo "2020"]
[BlackElo "1972"]
[Annotator "NA"]
[PlyCount "86"]
[EventDate "2019.12.27"]
[EventType "team-tourn"]
[EventRounds "7"]
[EventCountry "GER"]
[SourceTitle "playchess.com"]
[Source "ChessBase"]
[SourceQuality "1"]
[WhiteTeam "Karlsruher SF"]
[BlackTeam "Reideburger SV 90 Halle"]
[WhiteTeamCountry "CHN"]
[TimeControl "40/5400+30:1800+30"]

1. d4 {[%emt 0:00:00]} Nf6 {[%emt 0:00:00]} 2. c4 {[%emt 0:00:00]} g6 {[%emt 0:00:00]} 3. Nc3 {[%emt 0:00:00]} Bg7 {[%emt 0:00:00]} 4. e4 {[%emt 0:00:00]} d6 {[%emt 0:00:04]} 5. f3 {[%emt 0:00:07]} Nbd7 {[%emt 0:01:11]} 6. Be3 {[%emt 0:00:21]} c6 {[%emt 0:04:29]} 7. Bd3 {[%emt 0:04:09]} e5 {[%emt 0:03:55]} 8. Nge2 {[%emt 0:00:41]} O-O {[%emt 0:05:10]} 9. Qd2 {[%emt 0:01:06]} Ne8 {[%emt 0:02:44]} 10. g4 {[%emt 0:02:54]} exd4 {[%emt 0:01:09]} 11. Nxd4 {[%emt 0:00:21]} Ne5 {[%emt 0:00:45]} 12. Be2 {[%emt 0:00:19]} c5 {[%emt 0:03:34]} 13. Nc2 {[%emt 0:01:54]} Be6 {[%emt 0:00:54]} 14. Na3 {[%emt 0:01:40]} Qh4+ {[%emt 0:26:08]} 15. Bf2 {[%emt 0:01:37]} Qf6 {[%emt 0:00:14]} 16. g5 {[%emt 0:04:56]} Nxf3+ {[%emt 0:07:04]} 17. Bxf3 {[%emt 0:08:03]} Qxf3 {[%emt 0:00:03]} 18. Rf1 {[%emt 0:00:07]} Bxc3 {[%emt 0:10:36]} 19. Qxc3 {[%emt 0:00:50]} Qxe4+ {[%emt 0:00:48]} 20. Kd2 {[%emt 0:01:23]} Ng7 {[%emt 0:01:19]} 21. Rae1 {[%emt 0:01:12]} Qf4+ {[%emt 0:01:40]} 22. Qe3 {[%emt 0:03:44]} Qxe3+ {[%emt 0:00:38]} 23. Bxe3 {[%emt 0:00:21]} a6 {[%emt 0:00:14]} 24. Kc3 {[%emt 0:00:43]} Nf5 {[%emt 0:00:23]} 25. Bf4 {[%emt 0:01:23]} Rab8 {[%emt 0:01:23]} 26. Nc2 {[%emt 0:04:55]} b5 {[%emt 0:00:39]} 27. b3 {[%emt 0:00:29]} Rfd8 {[%emt 0:01:23]} 28. Rd1 {[%emt 0:02:26]} a5 {[%emt 0:02:00]} 29. Rd3 {[%emt 0:08:10]} a4 {[%emt 0:01:55]} 30. Rfd1 {[%emt 0:01:06]} axb3 {[%emt 0:00:10]} 31. axb3 {[%emt 0:00:10]} bxc4 {[%emt 0:00:33]} 32. bxc4 {[%emt 0:00:10]} Rb6 {[%emt 0:00:26]} 33. Be5 {[%emt 0:11:57]} Ra6 {[%emt 0:02:13]} 34. Bf6 {[%emt 0:04:13]} Rda8 35. Rb1 {[%emt 0:01:59]} Ra4 {[%emt 0:01:47]} 36. Ne3 {[%emt 0:00:35]} Ra3+ {[%emt 0:02:31]} 37. Rb3 {[%emt 0:00:54]} Nxe3 {[%emt 0:00:50]} 38. Rxe3 {[%emt 0:00:34]} R3a4 {[%emt 0:01:25]} 39. Re4 {[%emt 0:03:14]} d5 {[%emt 0:00:14]} 40. Rh4 {[%emt 0:00:04]} d4+ {[%emt 0:00:42]} 41. Kd2 {[%emt 0:30:53]} Ra2+ {[%emt 0:30:29]} 42. Kc1 {[%emt 0:01:20]} Rg2 {[%emt 0:00:15]} 43. Kb1 {[%emt 0:00:30]} Bf5+ {[%emt 0:00:05] normal} 0-1

[Event "DVM U16 2019"]
[Site "Magedburg"]
[Date "2019.12.27"]
[Round "2"]
[White "Rietschel, Tilo"]
[Black "Biermann, Florian"]
[Result "1-0"]
[WhiteElo "2005"]
[BlackElo "2044"]
[Annotator "NA"]
[PlyCount "132"]
[EventDate "2019.12.27"]
[EventType "team-tourn"]
[EventRounds "7"]
[EventCountry "GER"]
[SourceTitle "playchess.com"]
[Source "ChessBase"]
[SourceQuality "1"]
[WhiteTeam "Lübecker SV"]
[BlackTeam "SG Bochum"]
[WhiteTeamCountry "GER"]
[TimeControl "40/5400+30:1800+30"]

1. e4 {[%emt 0:00:00]} c5 {[%emt 0:00:00]} 2. Nf3 {[%emt 0:00:00]} d6 {[%emt 0:00:00]} 3. d4 {[%emt 0:00:00]} cxd4 {[%emt 0:00:00]} 4. Nxd4 {[%emt 0:00:00]} Nf6 {[%emt 0:00:05]} 5. Nc3 {[%emt 0:00:00]} a6 {[%emt 0:00:16]} 6. Bc4 {[%emt 0:00:17]} e6 {[%emt 0:00:30]} 7. Bb3 {[%emt 0:00:08]} Nbd7 {[%emt 0:00:14]} 8. f4 {[%emt 0:00:43]} Nc5 {[%emt 0:00:23]} 9. f5 {[%emt 0:02:12]} Be7 {[%emt 0:05:16]} 10. Qf3 {[%emt 0:01:58]} Bd7 {[%emt 0:08:29]} 11. Be3 {[%emt 0:12:24]} Rc8 {[%emt 0:17:55]} 12. g4 {[%emt 0:14:48]} e5 {[%emt 0:10:54]} 13. Nde2 {[%emt 0:00:14]} Nxb3 {[%emt 0:10:02]} 14. axb3 {[%emt 0:00:12]} h5 {[%emt 0:00:48]} 15. g5 {[%emt 0:13:46]} Ng4 {[%emt 0:00:50]} 16. h4 {[%emt 0:00:43]} Bc6 {[%emt 0:03:28]} 17. Rd1 {[%emt 0:04:09]} Qa5 {[%emt 0:01:48]} 18. Bd2 {[%emt 0:07:25]} Qc5 {[%emt 0:06:14]} 19. Ng3 {[%emt 0:02:52]} g6 {[%emt 0:01:24]} 20. Nf1 {[%emt 0:02:21]} Bd8 {[%emt 0:01:22]} 21. Ne3 {[%emt 0:04:25]} Bb6 {[%emt 0:07:49]} 22. Nc4 {[%emt 0:06:12]} Ba7 {[%emt 0:03:11]} 23. fxg6 {[%emt 0:03:43]} O-O {[%emt 0:01:21]} 24. g7 {[%emt 0:05:24]} Kxg7 {[%emt 0:00:22]} 25. Ke2 {[%emt 0:15:11]} f5 {[%emt 0:08:29]} 26. gxf6+ {[%emt 0:00:25]} Rxf6 {[%emt 0:02:27]} 27. Be3 {[%emt 0:00:15]} Nxe3 {[%emt 0:02:55]} 28. Qxe3 {[%emt 0:00:31]} Rf2+ {[%emt 0:01:17]} 29. Kd3 {[%emt 0:00:06]} Qxe3+ {[%emt 0:03:11]} 30. Nxe3 {[%emt 0:00:05]} Bxe3 {[%emt 0:02:03]} 31. Kxe3 {[%emt 0:01:08]} Rcf8 {[%emt 0:00:09]} 32. Rhg1+ {[%emt 0:00:20]} Kh7 {[%emt 0:00:11]} 33. Rg3 {[%emt 0:01:07]} Rxc2 {[%emt 0:01:53]} 34. Rxd6 {[%emt 0:02:18]} Rg8 {[%emt 0:00:16]} 35. Rxg8 {[%emt 0:01:06]} Kxg8 {[%emt 0:00:05]} 36. Rd2 {[%emt 0:00:06]} Rxd2 {[%emt 0:01:04]} 37. Kxd2 {[%emt 0:00:05]} a5 {[%emt 0:00:18]} 38. Kd3 {[%emt 0:00:52]} b5 {[%emt 0:00:57]} 39. Nd5 {[%emt 0:01:25]} Kf7 {[%emt 0:00:54]} 40. b4 {[%emt 0:00:26]} axb4 {[%emt 0:00:21]} 41. Nxb4 {[%emt 0:01:06]} Bd7 {[%emt 0:02:49]} 42. Nd5 {[%emt 0:19:40]} Ke6 {[%emt 0:00:48]} 43. Ne3 {[%emt 0:01:58]} Be8 {[%emt 0:01:31]} 44. Kc3 {[%emt 0:05:19]} Bc6 {[%emt 0:01:11]} 45. Kb4 {[%emt 0:01:24]} Bxe4 {[%emt 0:01:21]} 46. Kxb5 {[%emt 0:00:05]} Bd3+ {[%emt 0:01:22]} 47. Kc5 {[%emt 0:00:12]} e4 {[%emt 0:06:43]} 48. Kd4 {[%emt 0:00:19]} Bb1 {[%emt 0:04:41]} 49. b3 {[%emt 0:01:22]} Kf6 {[%emt 0:03:40]} 50. b4 {[%emt 0:01:01]} Bd3 {[%emt 0:01:11]} 51. Kd5 {[%emt 0:00:10]} Kf7 {[%emt 0:01:23]} 52. Ke5 {[%emt 0:01:42]} Ke7 {[%emt 0:03:13]} 53. Nd5+ {[%emt 0:00:36]} Kd7 {[%emt 0:04:27]} 54. Nf6+ {[%emt 0:01:04]} Kc6 {[%emt 0:00:45]} 55. Nxe4 {[%emt 0:00:26]} Kb5 {[%emt 0:00:47]} 56. Ng3 {[%emt 0:00:03]} Bg6 {[%emt 0:00:21]} 57. Kf6 {[%emt 0:00:04]} Be8 {[%emt 0:00:07]} 58. Kg5 {[%emt 0:01:06]} Kxb4 {[%emt 0:00:14]} 59. Nxh5 {[%emt 0:00:04]} Kc5 {[%emt 0:00:10]} 60. Ng7 {[%emt 0:00:06]} Bf7 {[%emt 0:01:42]} 61. Kf6 {[%emt 0:00:12]} Bg8 {[%emt 0:00:42]} 62. h5 {[%emt 0:00:18]} Bh7 {[%emt 0:00:47]} 63. h6 {[%emt 0:00:18]} Kd5 {[%emt 0:01:30]} 64. Nh5 {[%emt 0:01:08]} Ke4 {[%emt 0:00:52]} 65. Kg7 {[%emt 0:00:13]} Bf5 {[%emt 0:00:04]} 66. Ng3+ {[%emt 0:00:04]} Kd5 {normal} 1-0

[Event "DVM U16 2019"]
[Site "Magedburg"]
[Date "2019.12.27"]
[Round "2"]
[White "Hundrieser, Malte"]
[Black "Borodaev, Roman"]
[Result "1-0"]
[WhiteElo "2003"]
[BlackElo "1705"]
[Annotator "NA"]
[PlyCount "91"]
[EventDate "2019.12.27"]
[EventType "team-tourn"]
[EventRounds "7"]
[EventCountry "GER"]
[SourceTitle "playchess.com"]
[Source "ChessBase"]
[SourceQuality "1"]
[WhiteTeam "Reideburger SV 90 Halle"]
[BlackTeam "Karlsruher SF"]
[WhiteTeamCountry "GER"]
[BlackTeamCountry "GER"]
[TimeControl "40/5400+30:1800+30"]

1. e4 c5 2. Nf3 g6 3. d4 cxd4 4. Nxd4 Bg7 5. Nc3 Nc6 6. Be3 Nf6 7. Bc4 O-O 8. Bb3 Ng4 9. Qxg4 Nxd4 10. Qd1 Nc6 11. Qd2 d6 12. O-O-O Be6 13. Bh6 Bxb3 14. cxb3 Rc8 15. Kb1 Qa5 16. h4 Qh5 17. Bxg7 Kxg7 18. f3 f5 19. exf5 Qxf5+ 20. Ka1 h5 21. Rhg1 Rcd8 22. Nd5 e6 23. Ne3 Qf4 24. g4 Qxf3 25. Rdf1 Qe4 26. gxh5 Rxf1+ 27. Nxf1 Rf8 28. a3 Rf6 29. Ka2 Qxh4 30. Qxd6 Qxh5 31. Qd7+ Rf7 32. Qxe6 Qf5 33. Qe3 Qf2 34. Qg5 Qf5 35. Qg3 Nd4 36. Qc3 Qf6 37. Rh1 Nc6 38. Qh3 Kf8 39. Qc8+ Nd8 40. Ne3 Kg7 41. Qh3 Kg8 42. Ng4 Qg7 43. Nh6+ Kf8 44. Nxf7 Nxf7 45. Qc8+ Ke7 46. Re1+ {normal} 1-0

[Event "DVM U16 2019"]
[Site "Magedburg"]
[Date "2019.12.27"]
[Round "2"]
[White "Koll, Linus"]
[Black "Post, Hugo"]
[Result "1/2-1/2"]
[WhiteElo "1987"]
[BlackElo "2181"]
[Annotator "NA"]
[PlyCount "62"]
[EventDate "2019.12.27"]
[EventType "team-tourn"]
[EventRounds "7"]
[EventCountry "GER"]
[SourceTitle "playchess.com"]
[Source "ChessBase"]
[SourceQuality "1"]
[WhiteTeam "Karlsruher SF"]
[BlackTeam "Reideburger SV 90 Halle"]
[WhiteTeamCountry "GER"]
[TimeControl "40/5400+30:1800+30"]

1. e4 {[%emt 0:00:00]} c5 {[%emt 0:00:00]} 2. Nf3 {[%emt 0:00:00]} d6 {[%emt 0:00:00]} 3. d4 {[%emt 0:00:00]} cxd4 {[%emt 0:00:00]} 4. Nxd4 {[%emt 0:00:00]} Nf6 {[%emt 0:00:01]} 5. f3 {[%emt 0:01:19]} e5 {[%emt 0:00:20]} 6. Nb3 {[%emt 0:00:51]} Be7 {[%emt 0:02:46]} 7. Be3 {[%emt 0:03:12]} O-O {[%emt 0:01:18]} 8. c4 {[%emt 0:01:34]} a5 {[%emt 0:08:07]} 9. Nc3 {[%emt 0:02:17]} a4 {[%emt 0:01:38]} 10. Nd2 {[%emt 0:05:55]} Qa5 {[%emt 0:01:39]} 11. Nd5 {[%emt 0:10:53]} Nxd5 {[%emt 0:00:40]} 12. exd5 {[%emt 0:00:04]} f5 {[%emt 0:02:17]} 13. Bd3 {[%emt 0:06:39]} Nd7 {[%emt 0:12:03]} 14. O-O {[%emt 0:05:49]} Nc5 {[%emt 0:07:45]} 15. Qc2 {[%emt 0:04:44]} Bd7 {[%emt 0:01:38]} 16. Rab1 {[%emt 0:21:47]} Nxd3 {[%emt 0:06:54]} 17. Qxd3 {[%emt 0:00:06]} Qd8 {[%emt 0:00:11]} 18. c5 {[%emt 0:11:41]} Qe8 {[%emt 0:05:02]} 19. cxd6 {[%emt 0:02:34]} Bxd6 {[%emt 0:00:05]} 20. Nc4 {[%emt 0:01:27]} Rf6 {[%emt 0:01:43]} 21. Rfe1 {[%emt 0:15:21]} Qh5 {[%emt 0:02:15]} 22. Nxd6 {[%emt 0:02:50]} Rxd6 {[%emt 0:00:06]} 23. Bf2 {[%emt 0:01:05]} Re8 {[%emt 0:01:40]} 24. b3 {[%emt 0:00:48]} f4 {[%emt 0:04:56]} 25. Qd2 {[%emt 0:00:55]} Rg6 {[%emt 0:01:35]} 26. bxa4 {[%emt 0:00:15]} Bh3 {[%emt 0:03:51]} 27. g4 {[%emt 0:00:49]} Bxg4 {[%emt 0:07:41]} 28. fxg4 {[%emt 0:00:25]} Qxg4+ {[%emt 0:00:05]} 29. Kf1 {[%emt 0:00:30]} Qg2+ {[%emt 0:00:30]} 30. Ke2 {[%emt 0:00:05]} Qe4+ {[%emt 0:19:07]} 31. Kf1 {[%emt 0:00:04]} Qg2+ {[%emt 0:01:36] normal} 1/2-1/2

[Event "DVM U16 2019"]
[Site "Magedburg"]
[Date "2019.12.27"]
[Round "2"]
[White "Bornholdt, Joa Max"]
[Black "Prieb, Robert"]
[Result "1/2-1/2"]
[WhiteElo "1890"]
[BlackElo "1963"]
[Annotator "NA"]
[PlyCount "63"]
[EventDate "2019.12.27"]
[EventType "team-tourn"]
[EventRounds "7"]
[EventCountry "GER"]
[SourceTitle "playchess.com"]
[Source "ChessBase"]
[SourceQuality "1"]
[WhiteTeam "Lübecker SV"]
[BlackTeam "SG Bochum"]
[WhiteTeamCountry "GER"]
[BlackTeamCountry "GER"]
[TimeControl "40/5400+30:1800+30"]

1. d4 {[%emt 0:00:00]} Nf6 {[%emt 0:00:00]} 2. c4 {[%emt 0:00:00]} g6 {[%emt 0:00:00]} 3. Nf3 {[%emt 0:00:00]} Bg7 {[%emt 0:00:12]} 4. Nc3 {[%emt 0:00:01]} d5 {[%emt 0:00:13]} 5. Bf4 {[%emt 0:01:57]} O-O {[%emt 0:01:09]} 6. e3 {[%emt 0:00:39]} c5 {[%emt 0:00:55]} 7. Be2 {[%emt 0:04:47]} dxc4 {[%emt 0:08:36]} 8. O-O {[%emt 0:01:45]} Nh5 {[%emt 0:02:53]} 9. Be5 {[%emt 0:02:38]} Nd7 {[%emt 0:11:18]} 10. Bxg7 {[%emt 0:02:40]} Nxg7 {[%emt 0:01:16]} 11. Bxc4 {[%emt 0:01:11]} Nb6 {[%emt 0:06:30]} 12. Bb3 {[%emt 0:02:10]} cxd4 {[%emt 0:03:31]} 13. Qxd4 {[%emt 0:05:50]} Qxd4 {[%emt 0:04:07]} 14. Nxd4 {[%emt 0:00:29]} Bd7 {[%emt 0:02:00]} 15. Rfd1 {[%emt 0:03:20]} Rfd8 {[%emt 0:02:45]} 16. Rac1 {[%emt 0:05:27]} Rac8 {[%emt 0:05:37]} 17. Ne4 {[%emt 0:05:54]} Rxc1 {[%emt 0:02:10]} 18. Rxc1 {[%emt 0:00:44]} Rc8 {[%emt 0:01:04]} 19. Rxc8+ {[%emt 0:00:54]} Bxc8 {[%emt 0:01:02]} 20. Ng5 {[%emt 0:01:27]} e6 {[%emt 0:02:19]} 21. Nb5 {[%emt 0:03:11]} h6 {[%emt 0:02:47]} 22. Nf3 {[%emt 0:05:34]} a6 {[%emt 0:01:08]} 23. Nd6 {[%emt 0:00:11]} Nf5 {[%emt 0:01:39]} 24. Nxc8 {[%emt 0:03:14]} Nxc8 {[%emt 0:02:28]} 25. Ne5 {[%emt 0:00:38]} Kf8 {[%emt 0:04:16]} 26. Kf1 {[%emt 0:04:02]} Ke7 {[%emt 0:03:13]} 27. Ke2 {[%emt 0:02:13]} g5 {[%emt 0:04:15]} 28. Kd3 {[%emt 0:05:09]} f6 {[%emt 0:02:37]} 29. Nc4 {[%emt 0:05:57]} Nfd6 {[%emt 0:03:19]} 30. Nd2 {[%emt 0:06:02]} Nb6 {[%emt 0:01:44]} 31. Nf3 {[%emt 0:04:09]} Nd7 {[%emt 0:01:53]} 32. Nd2 {[%emt 0:05:58] normal} 1/2-1/2

[Event "DVM U16 2019"]
[Site "Magedburg"]
[Date "2019.12.27"]
[Round "2"]
[White "Grabbel, Lennart Christian"]
[Black "Hoerkner, Nico"]
[Result "1-0"]
[WhiteElo "1849"]
[BlackElo "1699"]
[Annotator "NA"]
[PlyCount "115"]
[EventDate "2019.12.27"]
[EventType "team-tourn"]
[EventRounds "7"]
[EventCountry "GER"]
[SourceTitle "playchess.com"]
[Source "ChessBase"]
[SourceQuality "1"]
[WhiteTeam "Hamburger SK"]
[BlackTeam "SK König Plauen"]
[BlackTeamCountry "GER"]
[TimeControl "40/5400+30:1800+30"]

1. Nf3 {[%emt 0:00:00]} Nf6 {[%emt 0:00:00]} 2. c4 {[%emt 0:00:00]} b6 {[%emt 0:00:50]} 3. g3 {[%emt 0:00:00]} Bb7 {[%emt 0:00:24]} 4. Bg2 {[%emt 0:00:00]} e6 {[%emt 0:00:19]} 5. Nc3 {[%emt 0:00:37]} Be7 {[%emt 0:00:46]} 6. O-O {[%emt 0:00:54]} c5 {[%emt 0:05:30]} 7. b3 {[%emt 0:04:27]} O-O {[%emt 0:03:16]} 8. Bb2 {[%emt 0:00:15]} d6 {[%emt 0:00:29]} 9. Qc2 {[%emt 0:03:16]} Nbd7 {[%emt 0:03:49]} 10. Rad1 {[%emt 0:05:00]} Rc8 {[%emt 0:08:09]} 11. Rfe1 {[%emt 0:01:34]} Qc7 {[%emt 0:01:43]} 12. e4 {[%emt 0:09:24]} Ne5 {[%emt 0:08:04]} 13. d4 {[%emt 0:02:43]} Nxf3+ {[%emt 0:02:12]} 14. Bxf3 {[%emt 0:00:07]} cxd4 {[%emt 0:03:40]} 15. Rxd4 {[%emt 0:00:06]} Rfd8 {[%emt 0:00:27]} 16. Qd2 {[%emt 0:01:33]} a6 {[%emt 0:03:36]} 17. Rd1 {[%emt 0:03:24]} Nd7 {[%emt 0:05:03]} 18. Bg2 {[%emt 0:03:23]} Nc5 {[%emt 0:05:10]} 19. Qe3 {[%emt 0:01:23]} Re8 {[%emt 0:13:17]} 20. R4d2 {[%emt 0:02:44]} Rcd8 {[%emt 0:01:15]} 21. Ne2 {[%emt 0:15:05]} Nd7 {[%emt 0:13:36]} 22. Qd4 {[%emt 0:06:40]} Nf6 {[%emt 0:03:43]} 23. Nc3 {[%emt 0:02:13]} Bc6 {[%emt 0:01:59]} 24. Ba3 {[%emt 0:04:26]} Qb7 {[%emt 0:02:39]} 25. Qe3 {[%emt 0:06:16]} Qc7 {[%emt 0:01:06]} 26. Rd4 {[%emt 0:04:49]} Rd7 {[%emt 0:02:06]} 27. Qd2 {[%emt 0:02:18]} Red8 {[%emt 0:00:35]} 28. Qe2 {[%emt 0:08:13]} Qb7 {[%emt 0:01:44]} 29. Nd5 {[%emt 0:04:10]} Bxd5 {[%emt 0:01:36]} 30. exd5 {[%emt 0:00:13]} e5 {[%emt 0:01:33]} 31. R4d2 {[%emt 0:00:26]} b5 {[%emt 0:00:54]} 32. c5 {[%emt 0:02:23]} Qb8 {[%emt 0:01:52]} 33. c6 {[%emt 0:00:07]} Ra7 {[%emt 0:00:21]} 34. Rc2 {[%emt 0:01:47]} Rc8 {[%emt 0:00:52]} 35. Bf1 {[%emt 0:01:08]} h6 {[%emt 0:01:29]} 36. Bc1 {[%emt 0:00:47]} Bf8 {[%emt 0:00:40]} 37. Be3 {[%emt 0:00:10]} Ra8 {[%emt 0:01:24]} 38. f3 {[%emt 0:03:56]} Qc7 {[%emt 0:00:17]} 39. Qf2 {[%emt 0:01:26]} Rcb8 {[%emt 0:00:18]} 40. Bh3 {[%emt 0:01:27]} Be7 {[%emt 0:01:06]} 41. Qd2 {[%emt 0:04:11]} Bf8 {[%emt 0:00:20]} 42. Kh1 {[%emt 0:02:45]} Re8 {[%emt 0:01:39]} 43. Bg2 {[%emt 0:00:13]} Reb8 {[%emt 0:00:25]} 44. Rcc1 {[%emt 0:00:49]} Kh8 {[%emt 0:00:55]} 45. f4 {[%emt 0:02:01]} Rd8 {[%emt 0:00:21]} 46. fxe5 {[%emt 0:01:09]} dxe5 {[%emt 0:00:08]} 47. Bc5 {[%emt 0:00:28]} Bxc5 {[%emt 0:01:43]} 48. Rxc5 {[%emt 0:00:05]} Qd6 {[%emt 0:02:04]} 49. Qc2 {[%emt 0:00:36]} Rac8 {[%emt 0:01:15]} 50. Rc3 {[%emt 0:04:31]} Kg8 {[%emt 0:01:31]} 51. c7 {[%emt 0:01:47]} Rd7 {[%emt 0:01:35]} 52. Bh3 {[%emt 0:00:05]} Rcxc7 {[%emt 0:01:41]} 53. Bxd7 {[%emt 0:00:10]} Rxd7 {[%emt 0:00:07]} 54. Rc8+ {[%emt 0:00:47]} Rd8 {[%emt 0:00:08]} 55. Qc6 {[%emt 0:01:15]} Qxc6 {[%emt 0:00:12]} 56. Rxd8+ {[%emt 0:00:05]} Qe8 {[%emt 0:00:16]} 57. Rxe8+ {[%emt 0:00:05]} Nxe8 {[%emt 0:00:04]} 58. d6 {[%emt 0:00:08] normal} 1-0

[Event "DVM U16 2019"]
[Site "Magedburg"]
[Date "2019.12.27"]
[Round "2"]
[White "Wang, Ruiming"]
[Black "Grunwald, Jonathan"]
[Result "0-1"]
[WhiteElo "1808"]
[BlackElo "1815"]
[Annotator "NA"]
[PlyCount "70"]
[EventDate "2019.12.27"]
[EventType "team-tourn"]
[EventRounds "7"]
[EventCountry "GER"]
[SourceTitle "playchess.com"]
[Source "ChessBase"]
[SourceQuality "1"]
[WhiteTeam "SG Leipzig"]
[BlackTeam "Biebertaler SF"]
[WhiteTeamCountry "GER"]
[BlackTeamCountry "GER"]
[TimeControl "40/5400+30:1800+30"]

1. e4 e5 2. Nf3 Nc6 3. d4 exd4 4. Bc4 Nf6 5. e5 d5 6. Bb5 Ne4 7. Nxd4 Bd7 8. Bxc6 bxc6 9. O-O Bc5 10. Be3 O-O 11. f3 Ng5 12. f4 Ne6 13. c3 Bb6 14. f5 Nc5 15. Nd2 Nd3 16. N2f3 Nxb2 17. Qe2 Nc4 18. Bg5 Qc8 19. f6 Re8 20. fxg7 Bg4 21. Bf6 c5 22. Nb3 Qe6 23. Qf2 Nd6 24. Ng5 Ne4 25. Qh4 Nxg5 26. Qxg5 a5 27. Rf4 a4 28. Rxg4 axb3 29. Rh4 c4+ 30. Kh1 Rxa2 31. Rb1 Be3 32. Qxe3 Qxf6 33. Rh5 Qg6 34. Rg1 Qxh5 35. Qc5 Qxe5 {normal} 0-1